000 002410000a22000970004500
100 1 _aKirsch, Tina
245 1 0 _aMy pilgrimage in mission
300 _aVol. 18, Núm 4 (1994), Páginas 162-166
773 0 _tInternational Bulletin
942 _cANA
999 _c57457
_d57457